000 00400nam a22001457a 4500
005 20171010143751.0
008 171010b xxu||||| |||| 00| 0 eng d
040 _cPK-LaUMT
082 _aPKAC 297.082
_bABD-A
100 _aAbdul Ghani Faruqi
245 _aAusaaf e Hamida/
_cAbdul Ghani Faruqi
260 _aلاہور:
_bادارہ معارف اسلامی،
_c1988
300 _a304 ص
942 _cBK
999 _c99038
_d99038